000 00979nam a22003017a 4500
001 0007012
003 DO-SdBNP
005 20171129095532.0
007 0007012
008 161201b 1994 sp a ||||| |||| 00| 0 spa d
020 _a8426127800
040 _aBPMSU
_bspa
_cBPMSU
082 _axxxx
_bxxxx
100 1 _aTejima, Keizaburo
245 1 0 _aEl bosque de los pájaros carpinteros /
_cKeizaburo Tejima ; traducción de Concepción Zendrera.
246 1 _aKumagera no mori.
260 _aBarcelona :
_bJuventad,
_c1994.
300 _a39 páginas sin numerar :
_bil. ;
_c31 cm.
490 1 _aMultieducativos Disney
500 _aTraducción de: Kumagera no mori.
500 _aEdición por el Año Internacional del Niño.
700 1 _aZendrera, Concepción,
_etr.
710 _bWalt Disney Company
830 0 _aMultieducativos Disney
942 _2ddc
_cBK
945 _aInventariado extranjero / 2017 BT
956 _2LOPEREZ
_310
_620161201
_8BPMSU
_a00041
999 _c12197
_d12197